000
00329nam a22001337a 4500
008
260429b |||||||| |||| 00| 0 eng d
020
_a
978-9364447676
082
_a
002028
100
_a
Laxmikanth, M
245
_a
Indian Polity Courseware (English), 8e
260
_a
Chennai
_b
McGraw Hill
_c
2025
300
_a
820p
942
_2
ddc
999
_c
1338
_d
1338